Las armas nucleares contra Neptuno: la militarización de los mares /Greenpeace
محفوظ في:
| مؤلفون مشاركون: | , |
|---|---|
| التنسيق: | نص |
| منشور في: |
Madrid:
Greenpeace
|
| الوسوم: |
إضافة وسم
لا توجد وسوم, كن أول من يضع وسما على هذه التسجيلة!
|
MARC
| LEADER | 00000 a a2200000 04500 | ||
|---|---|---|---|
| 001 | 22265 | ||
| 003 | |||
| 040 | |||
| 090 | |a 151200 | ||
| 110 | |a Greenpeace | ||
| 245 | |a Las armas nucleares contra Neptuno: la militarización de los mares /Greenpeace | ||
| 260 | |a Madrid: |b Greenpeace | ||
| 300 | |a 12 p. |b **no definido** |b il. | ||
| 710 | |a Centro de Investigación para la Paz | ||
| 999 | |c 5430 |d 5430 | ||
